[Event "Vaujany op-B 10th"]
[Site "Vaujany"]
[Date "2019.07.17"]
[Round "7"]
[White "Jean, Robert"]
[Black "Beurois, Alexandre"]
[Result "0-1"]
[WhiteElo "1564"]
[BlackElo "1701"]
[PlyCount "57"]
[EventDate "2019.07.11"]
[EventType "swiss"]
[EventRounds "9"]
[EventCountry "FRA"]
[SourceTitle "EXT 2025"]
[Source "ChessBase"]
[SourceDate "2024.10.14"]
[SourceVersion "1"]
[SourceVersionDate "2024.10.14"]
[SourceQuality "1"]

1. c4 c5 2. g3 Nf6 3. Bg2 e6 4. Nf3 Nc6 5. 0-0 d5 6. b3 Be7 7. Bb2 d4 8. e3 e5 9. exd4 exd4 10. Re1 0-0 11. d3 Bf5 12. a3 a5 13. h3 h6 14. Qc2 Qd7 15. Kh2 Bd6 16. Nbd2 Rae8 17. Nh4 Bh7 18. f4 Qc7 19. Ne4 Nxe4 20. Bxe4 Bxf4 21. Bxh7+ Kxh7 22. Qf2 Be3 23. Qf5+ g6 24. Qf1 f5 25. Ng2 f4 26. Nxf4 Bxf4 27. gxf4 Rxf4 28. Qg1 Rf1+ 29. Qg3 0-1

[Event "Lyon-ch U16"]
[Site "Lyon"]
[Date "2016.11.11"]
[Round "3.1"]
[White "Sabatier, Mathis"]
[Black "Beurois, Alexandre"]
[Result "0-1"]
[WhiteElo "1909"]
[BlackElo "1498"]
[PlyCount "120"]
[EventDate "2016.11.11"]
[EventType "swiss (rapid)"]
[EventRounds "7"]
[EventCountry "FRA"]
[SourceTitle "EXT 2024"]
[Source "ChessBase"]
[SourceDate "2023.10.10"]
[SourceVersion "1"]
[SourceVersionDate "2023.10.10"]
[SourceQuality "1"]

1. d4 d5 2. c4 e6 3. Nc3 f5 4. Nf3 Nf6 5. g3 c6 6. Bg2 Bd6 7. 0-0 0-0 8. Ne5 Bxe5 9. dxe5 Ne4 10. f3 Nxc3 11. bxc3 Qa5 12. Bb2 Qb6+ 13. Qd4 Qxb2 14. e4 Qb6 15. c5 Qc7 16. c4 Nd7 17. cxd5 Qxe5 18. Qxe5 Nxe5 19. f4 Nc4 20. d6 Ne3 21. Rfc1 Nxg2 22. Kxg2 Bd7 23. e5 b6 24. Rab1 bxc5 25. Rxc5 Rab8 26. Rcc1 Rfc8 27. Kf2 Rb5 28. a4 Rb6 29. h3 Rcb8 30. Rxb6 Rxb6 31. g4 Rb2+ 32. Kg1 fxg4 33. hxg4 Rb4 34. f5 Rxg4+ 35. Kh2 exf5 36. Rb1 Kf7 37. Rb7 Ke6 38. Rxa7 c5 39. a5 Re4 40. a6 Rxe5 41. Rb7 Re2+ 42. Kg3 Ra2 43. a7 Kxd6 44. Kf4 Kc6 45. Rb8 Rxa7 46. Ke3 Ra3+ 47. Kd2 Kd5 48. Rd8 Ra7 49. Kc3 Ke4 50. Kd2 Bc6 51. Rc8 Ra6 52. Rc7 Kd4 53. Rxg7 Ra2+ 54. Kc1 Kc3 55. Rg3+ Kc4 56. Kb1 Rf2 57. Kc1 f4 58. Kb1 fxg3 59. Kc1 g2 60. Kb1 g1Q# 0-1